Âm dương đối lịch 2000 - 2005
Đã lưu trong:
| 主要作者: | |
|---|---|
| 格式: | 图书 |
| 语言: | Undetermined |
| 出版: |
H.
VHDT
2000
|
| 主题: | |
| 标签: |
添加标签
没有标签, 成为第一个标记此记录!
|
| Thư viện lưu trữ: | Trung tâm Học liệu Trường Đại học Cần Thơ |
|---|
| LEADER | 00462nam a2200169Ia 4500 | ||
|---|---|---|---|
| 001 | CTU_51971 | ||
| 008 | 210402s9999 xx 000 0 und d | ||
| 082 | |a 529.329'51 | ||
| 082 | |b Qu102 | ||
| 100 | |a Nghiêm Minh Quách | ||
| 245 | 0 | |a Âm dương đối lịch 2000 - 2005 | |
| 245 | 0 | |c Nghiêm Minh Quách | |
| 260 | |a H. | ||
| 260 | |b VHDT | ||
| 260 | |c 2000 | ||
| 650 | |a chinese calendar | ||
| 980 | |a Trung tâm Học liệu Trường Đại học Cần Thơ | ||